[Event "XXIX CAMPEONATO DE EUSKADI DE VETERANOS"]
[Site "Zarauz"]
[Date "2019.06.22"]
[Round "1.1"]
[White "Cemborain Oricain, Alfonso"]
[Black "Saenz Martinez, Juan Jose"]
[Result "1-0"]
[WhiteElo "1891"]
[BlackElo "2201"]
[PlyCount "83"]
[EventDate "2019.06.22"]

1. e4 c5 2. Nf3 Nc6 3. Bb5 g6 4. Bxc6 dxc6 5. d3 Bg7 6. a4 b6 7. O-O e6 8. Na3
Ne7 9. Nc4 Qc7 10. e5 O-O 11. Nd6 Bxe5 12. Nxe5 Qxd6 13. Ng4 e5 14. Nh6+ Kg7
15. f4 f6 16. fxe5 Qxe5 17. Re1 Qd6 18. Qf3 Nd5 19. c4 Nb4 20. Bf4 Qd4+ 21. Kh1
Nxd3 22. Re7+ Kh8 23. Be3 Qd6 24. Nf7+ Rxf7 25. Rxf7 Bf5 26. Qg3 Ne5 27. Bf4
Qe6 28. Rxf6 Qe7 29. Bxe5 Kg8 30. Rf1 Rd8 31. h3 Bc2 32. Rd6 Qe8 33. Rxd8 Qxd8
34. Bd6 Qd7 35. Rf8+ Kg7 36. Qe5+ Kh6 37. Rf2 Bf5 38. Bf8+ Kh5 39. g4+ Kh4 40.
Be7+ Kxh3 41. Qh2+ Kxg4 42. Rf4# 1-0

[Event "XXIX CAMPEONATO DE EUSKADI DE VETERANOS"]
[Site "Zarauz"]
[Date "2019.06.22"]
[Round "1.2"]
[White "Fernandez Hernandez, Gerardo"]
[Black "Arocena Uria, Jaime"]
[Result "1-0"]
[WhiteElo "2151"]
[BlackElo "1787"]
[PlyCount "45"]
[EventDate "2019.06.22"]

1. e4 c5 2. d3 Nc6 3. g3 e5 4. Bg2 d6 5. f4 Nf6 6. Nf3 Bg4 7. h3 Bxf3 8. Qxf3
Qb6 9. Na3 Nd4 10. Qf2 Qc6 11. c3 Ne6 12. O-O b5 13. Nc2 Be7 14. Ne3 Nc7 15.
Nd5 Bd8 16. Be3 exf4 17. Bxf4 O-O 18. Nxf6+ gxf6 19. Bh6 Re8 20. Qf5 Kh8 21. e5
d5 22. exf6 Qe6 23. Qg5 1-0

[Event "XXIX CAMPEONATO DE EUSKADI DE VETERANOS"]
[Site "Zarauz"]
[Date "2019.06.22"]
[Round "1.3"]
[White "Gonzalez Izaguirre, Salustiano"]
[Black "Albaina Alvarez, Alvaro"]
[Result "0-1"]
[WhiteElo "1739"]
[BlackElo "2061"]
[PlyCount "84"]
[EventDate "2019.06.22"]

1. d4 f5 2. Nf3 Nf6 3. c4 g6 4. g3 Bg7 5. Bg2 O-O 6. O-O d6 7. Nc3 Nc6 8. b3 e5
9. dxe5 dxe5 10. Qxd8 Rxd8 11. Bg5 e4 12. Ne1 h6 13. Bf4 Nh5 14. Rc1 Nxf4 15.
gxf4 Bxc3 16. Rxc3 Nd4 17. Re3 Kf7 18. f3 exf3 19. Nxf3 Nxf3+ 20. Bxf3 c6 21.
Rd3 Rxd3 22. exd3 Be6 23. d4 g5 24. fxg5 hxg5 25. Rd1 g4 26. Bg2 f4 27. Be4 Kf6
28. Rd3 Re8 29. d5 cxd5 30. cxd5 Bd7 31. Bg2 Re2 32. a4 Ke5 33. Rc3 f3 34. Bf1
Rd2 35. Rc7 Rxd5 36. Rxb7 a5 37. Rc7 Kf4 38. Rc1 Bf5 39. Rc4+ Be4 40. b4 axb4
41. Rxb4 Rd2 42. a5 f2# 0-1

[Event "XXIX CAMPEONATO DE EUSKADI DE VETERANOS"]
[Site "Zarauz"]
[Date "2019.06.22"]
[Round "1.4"]
[White "Lakunza Oyarbide, Juan Carlos"]
[Black "Veiga Ramil, Jesus Angel"]
[Result "1-0"]
[WhiteElo "2052"]
[BlackElo "1726"]
[PlyCount "81"]
[EventDate "2019.06.22"]

1. d4 Nf6 2. c4 e6 3. Nf3 b6 4. g3 Ba6 5. Qc2 Bb4+ 6. Nbd2 Bb7 7. Bg2 Be4 8.
Qd1 O-O 9. O-O Bxd2 10. Bxd2 d6 11. b4 Nbd7 12. b5 Re8 13. Qb3 e5 14. Bb4 exd4
15. Nxd4 Bxg2 16. Kxg2 Qe7 17. Rfe1 Qe4+ 18. Nf3 Ne5 19. Bc3 Nfd7 20. Rac1 Nc5
21. Qb4 Nxc4 22. Kg1 Ne5 23. Qxe4 Nxe4 24. Bxe5 dxe5 25. Rxc7 h6 26. Rd1 Nc5
27. Rd5 f6 28. Kf1 Rac8 29. Rxc8 Rxc8 30. Nh4 Kf7 31. f3 Ke6 32. e4 Na4 33. Nf5
Rc7 34. Rd6+ Kf7 35. Rd3 Nc3 36. Nd6+ Ke6 37. Ne8 Rc5 38. Nxg7+ Kf7 39. Rd7+
Kg6 40. Nf5 Kh5 41. Rg7 1-0

[Event "XXIX CAMPEONATO DE EUSKADI DE VETERANOS"]
[Site "Zarauz"]
[Date "2019.06.22"]
[Round "1.5"]
[White "Otano Villanueva, Joseba"]
[Black "Besga Lopez, Jose Angel"]
[Result "0-1"]
[WhiteElo "1709"]
[BlackElo "2029"]
[PlyCount "44"]
[EventDate "2019.06.22"]

1. d4 f5 2. g3 Nf6 3. Bg2 e6 4. Nf3 Be7 5. O-O O-O 6. c4 d6 7. Nc3 Qe8 8. Qc2
Qg6 9. b4 a6 10. a4 Nc6 11. Ba3 Ne4 12. b5 axb5 13. cxb5 Na5 14. Bb4 c5 15.
dxc5 Nxc5 16. Rfd1 Qf6 17. Nd2 f4 18. Nce4 Qf5 19. Qc3 fxg3 20. fxg3 Nxe4 21.
Nxe4 b6 22. Rf1 Qg6 0-1

[Event "XXIX CAMPEONATO DE EUSKADI DE VETERANOS"]
[Site "Zarauz"]
[Date "2019.06.22"]
[Round "1.6"]
[White "Ladron De Guevara Galar, Fco J"]
[Black "Lazkano Gaite, Tomas"]
[Result "1-0"]
[WhiteElo "2029"]
[BlackElo "1685"]
[PlyCount "66"]
[EventDate "2019.06.22"]

1. d4 Nf6 2. c4 e6 3. Nf3 d5 4. Nc3 Bb4 5. e3 O-O 6. Bd3 dxc4 7. Bxc4 c5 8. a3
Ba5 9. O-O cxd4 10. exd4 h6 11. Qe2 Nbd7 12. Rd1 Bxc3 13. bxc3 Nb6 14. Bd3 a6
15. c4 Qc7 16. a4 Re8 17. Ne5 Nbd7 18. Bf4 Nxe5 19. Bxe5 Qe7 20. Qf3 Nd7 21.
Bf4 Nf6 22. c5 Rd8 23. Bd6 Rxd6 24. cxd6 Qxd6 25. h3 Rb8 26. Be4 b5 27. axb5
axb5 28. Ra8 Nxe4 29. Rxb8 Qxb8 30. Qxe4 b4 31. Rb1 Ba6 32. Qc6 Bd3 33. Rb3 Qb5
1-0

[Event "XXIX CAMPEONATO DE EUSKADI DE VETERANOS"]
[Site "Zarauz"]
[Date "2019.06.22"]
[Round "1.7"]
[White "Zubia Aramburu, Mikel"]
[Black "Vinal Gutierrez, Pedro"]
[Result "0-1"]
[WhiteElo "1668"]
[BlackElo "2026"]
[PlyCount "64"]
[EventDate "2019.06.22"]

1. c4 e6 2. Nc3 d5 3. cxd5 exd5 4. d4 c6 5. Nf3 Bd6 6. Bg5 f6 7. Bd2 Ne7 8. e4
dxe4 9. Nxe4 Bf5 10. Nxd6+ Qxd6 11. Bc3 Nd7 12. Be2 Nb6 13. O-O O-O 14. Rc1
Ned5 15. Nd2 Nf4 16. Nc4 Qe6 17. Ne3 Nxe2+ 18. Qxe2 Rfe8 19. b3 Bg6 20. Rfe1
Nd5 21. Qd2 Qd7 22. Bb2 Nf4 23. Rcd1 Rad8 24. Qc3 Be4 25. f3 Bg6 26. Qc4+ Bf7
27. Qf1 Qc7 28. Ng4 Qa5 29. g3 Rxe1 30. Rxe1 Nd3 31. Qxd3 Qxe1+ 32. Kg2 Re8 0-1

[Event "XXIX CAMPEONATO DE EUSKADI DE VETERANOS"]
[Site "Zarauz"]
[Date "2019.06.22"]
[Round "1.8"]
[White "Martin Molinero, Martin"]
[Black "Llorente Munoz, Carlos"]
[Result "1/2-1/2"]
[WhiteElo "1987"]
[BlackElo "1454"]
[PlyCount "24"]
[EventDate "2019.06.22"]

1. Nf3 d5 2. d4 e6 3. Nc3 Bb4 4. Bd2 Nf6 5. a3 Bxc3 6. bxc3 O-O 7. Bg5 h6 8.
Bh4 Nbd7 9. e3 g5 10. Bg3 Ne4 11. c4 f5 12. Bd3 c5 1/2-1/2

[Event "XXIX CAMPEONATO DE EUSKADI DE VETERANOS"]
[Site "Zarauz"]
[Date "2019.06.22"]
[Round "1.9"]
[White "Goti Cordon, Luis Pedro"]
[Black "Ruiz Escobar, Rafael"]
[Result "0-1"]
[WhiteElo "1243"]
[BlackElo "1939"]
[PlyCount "62"]
[EventDate "2019.06.22"]

1. e4 c5 2. Nc3 d6 3. g3 g6 4. Bg2 Bg7 5. Nge2 Nc6 6. d3 e6 7. O-O Nge7 8. Be3
O-O 9. Rb1 a6 10. a3 Rb8 11. d4 cxd4 12. Nxd4 Ne5 13. h3 Nc4 14. Bc1 Qc7 15.
Nce2 b5 16. c3 Bb7 17. b3 Nb6 18. Be3 Nd7 19. Rc1 Rbc8 20. Rc2 d5 21. f3 e5 22.
Nxb5 axb5 23. Qd2 Nc5 24. Rb1 dxe4 25. f4 Nf5 26. Bxc5 Qxc5+ 27. Kh1 Ne3 28. b4
Qb6 29. Qc1 Nxc2 30. Qxc2 exf4 31. Nxf4 Rxc3 0-1

[Event "XXIX CAMPEONATO DE EUSKADI DE VETERANOS"]
[Site "Zarauz"]
[Date "2019.06.22"]
[Round "2.1"]
[White "Vinal Gutierrez, Pedro"]
[Black "Fernandez Hernandez, Gerardo"]
[Result "0-1"]
[WhiteElo "2026"]
[BlackElo "2151"]
[PlyCount "58"]
[EventDate "2019.06.22"]

1. e4 e6 2. d4 d5 3. exd5 exd5 4. Nf3 Nc6 5. c3 Bd6 6. Bd3 Bg4 7. O-O Nge7 8.
Re1 Qd7 9. b4 O-O 10. Nbd2 Ng6 11. Nb3 Rfe8 12. Be3 Nh4 13. Be2 Nf5 14. Qd2
Nxe3 15. fxe3 Qe6 16. Bd3 Qh6 17. e4 Bf4 18. Qf2 dxe4 19. Bxe4 Bxf3 20. gxf3
Kh8 21. Kh1 Rad8 22. Nc5 b6 23. Nd3 Bd2 24. b5 Bxe1 25. Rxe1 Ne7 26. Ne5 Qf4
27. Rg1 Ng6 28. Nc6 Rd6 29. Qc2 f5 0-1

[Event "XXIX CAMPEONATO DE EUSKADI DE VETERANOS"]
[Site "Zarauz"]
[Date "2019.06.22"]
[Round "2.2"]
[White "Albaina Alvarez, Alvaro"]
[Black "Ladron De Guevara Galar, Fco J"]
[Result "1-0"]
[WhiteElo "2061"]
[BlackElo "2029"]
[PlyCount "105"]
[EventDate "2019.06.22"]

1. e4 e5 2. Nf3 Nc6 3. Nc3 Nf6 4. d4 exd4 5. Nd5 Nb4 6. Bg5 Nbxd5 7. exd5 Bb4+
8. Nd2 h6 9. Qe2+ Qe7 10. Bxf6 gxf6 11. O-O-O Qxe2 12. Bxe2 c5 13. Ne4 O-O 14.
a3 Ba5 15. Nxc5 d6 16. Nb3 Bb6 17. Nxd4 Bd7 18. Kb1 a6 19. f4 Rfe8 20. Bf3 Re3
21. c3 Rae8 22. Nc2 Bf5 23. Kc1 R3e7 24. Nd4 Bd7 25. Kd2 Ba4 26. Rde1 Bd7 27.
Rxe7 Rxe7 28. Re1 Rxe1 29. Kxe1 Kg7 30. Be4 Bc5 31. Kd2 Bb6 32. Kd3 Bc5 33. b4
Ba7 34. c4 Bb6 35. h3 Kf8 36. Bf3 f5 37. Bd1 Ke7 38. Bc2 Kf6 39. Kc3 Ba7 40. a4
Bb6 41. a5 Bc7 42. g3 b6 43. b5 bxa5 44. bxa6 Bb6 45. Nc6 Bxc6 46. dxc6 Ke7 47.
Bxf5 Kd8 48. Be4 Kc7 49. g4 f6 50. h4 Kb8 51. g5 fxg5 52. fxg5 hxg5 53. hxg5
1-0

[Event "XXIX CAMPEONATO DE EUSKADI DE VETERANOS"]
[Site "Zarauz"]
[Date "2019.06.22"]
[Round "2.3"]
[White "Ruiz Escobar, Rafael"]
[Black "Lakunza Oyarbide, Juan Carlos"]
[Result "0-1"]
[WhiteElo "1939"]
[BlackElo "2052"]
[PlyCount "123"]
[EventDate "2019.06.22"]

1. d4 Nf6 2. c4 e6 3. Nc3 c5 4. d5 exd5 5. cxd5 d6 6. e4 g6 7. Be2 Bg7 8. Nf3
O-O 9. O-O b6 10. Re1 Ba6 11. Bf4 Bxe2 12. Rxe2 Re8 13. e5 dxe5 14. Bxe5 Nbd7
15. Bf4 a6 16. Qd2 Rxe2 17. Qxe2 b5 18. Rd1 Qa5 19. a3 Re8 20. Qc2 b4 21. axb4
cxb4 22. Qa4 Qb6 23. Na2 Re2 24. Be3 Rxe3 25. fxe3 Qxe3+ 26. Kh1 Ne4 27. Rf1
Nf2+ 28. Rxf2 Qxf2 29. Qxd7 Qf1+ 30. Ng1 Bd4 31. Qc8+ Kg7 32. Qc1 Qxc1 33. Nxc1
Bxb2 34. Nb3 Kf6 35. Nf3 Ke7 36. Nfd2 Be5 37. Nc4 Bc7 38. g3 a5 39. Nd4 Kd7 40.
Nb3 Ke7 41. d6+ Bxd6 42. Ncxa5 Ke6 43. Kg2 Kd5 44. Kf3 Bc7 45. h4 h5 46. Kf2
Ke4 47. Nc6 Kd3 48. Nxb4+ Kc4 49. Kf3 Kxb4 50. Nd2 Kc5 51. Ne4+ Kd5 52. Ng5 f6
53. Nh3 Ke6 54. Nf2 Bb6 55. Nd3 Kf5 56. Nf4 Bd4 57. Nd5 Bc5 58. Nf4 Ba3 59. Nd5
Bd6 60. Ne3+ Ke6 61. g4 Bc5 62. Ke4 0-1

[Event "XXIX CAMPEONATO DE EUSKADI DE VETERANOS"]
[Site "Zarauz"]
[Date "2019.06.22"]
[Round "2.4"]
[White "Besga Lopez, Jose Angel"]
[Black "Cemborain Oricain, Alfonso"]
[Result "0-1"]
[WhiteElo "2029"]
[BlackElo "1891"]
[PlyCount "66"]
[EventDate "2019.06.22"]

1. e4 Nf6 2. Nc3 e5 3. Nf3 Nc6 4. Bc4 Nxe4 5. Nxe4 d5 6. Bxd5 Qxd5 7. Nc3 Qd8
8. d3 Bg4 9. h3 Bh5 10. Be3 Be7 11. g4 Bg6 12. Qd2 Qd7 13. O-O-O O-O-O 14. Qe2
f6 15. Nh4 Nd4 16. Bxd4 Qxd4 17. Nxg6 hxg6 18. Qe3 Bc5 19. Qe4 Qd7 20. f3 Qf7
21. Kb1 Kb8 22. Rdf1 Rd6 23. Qc4 Qxc4 24. dxc4 f5 25. Rd1 Rxd1+ 26. Rxd1 Kc8
27. Rh1 c6 28. a3 a5 29. Ne2 Rd8 30. Ng3 Bf2 31. Ne2 Rd2 32. Nc3 Bd4 33. Re1
Kd7 0-1

[Event "XXIX CAMPEONATO DE EUSKADI DE VETERANOS"]
[Site "Zarauz"]
[Date "2019.06.22"]
[Round "2.5"]
[White "Saenz Martinez, Juan Jose"]
[Black "Martin Molinero, Martin"]
[Result "1-0"]
[WhiteElo "2201"]
[BlackElo "1987"]
[PlyCount "67"]
[EventDate "2019.06.22"]

1. d4 e5 2. dxe5 Nc6 3. Nf3 Qe7 4. Nc3 Nxe5 5. e4 Nf6 6. Bg5 c6 7. Nd4 Qb4 8.
a3 Qa5 9. Bxf6 gxf6 10. f4 Ng6 11. g3 d6 12. Nb3 Qb6 13. Qd2 Bd7 14. O-O-O
O-O-O 15. Na4 Qc7 16. Qd4 Kb8 17. Qxf6 Be7 18. Qg7 f5 19. Bd3 Rhg8 20. Qh6 fxe4
21. Bxe4 d5 22. Bf3 b6 23. Nc3 Bd6 24. Kb1 Ne7 25. Qf6 Rdf8 26. Qd4 Nf5 27. Qd3
Ne7 28. Rhe1 Bf5 29. Qd2 Ng6 30. Nxd5 Qf7 31. Ne3 Rd8 32. Nxf5 Qxf5 33. Nd4 Qc5
34. Nxc6+ 1-0

[Event "XXIX CAMPEONATO DE EUSKADI DE VETERANOS"]
[Site "Zarauz"]
[Date "2019.06.22"]
[Round "2.6"]
[White "Llorente Munoz, Carlos"]
[Black "Gonzalez Izaguirre, Salustiano"]
[Result "0-1"]
[WhiteElo "1454"]
[BlackElo "1739"]
[PlyCount "78"]
[EventDate "2019.06.22"]

1. e4 c6 2. d4 d5 3. Bd3 dxe4 4. Bxe4 Nf6 5. Bf3 Bf5 6. Ne2 e6 7. Bg5 Be7 8.
O-O O-O 9. Ng3 Bg6 10. Nc3 Nbd7 11. h4 h6 12. Be3 Nd5 13. h5 Bh7 14. Nxd5 exd5
15. Rc1 Bd6 16. Ne2 Nf6 17. c4 dxc4 18. Rxc4 Re8 19. Qd2 Ne4 20. Bxe4 Bxe4 21.
b3 Qh4 22. Bf4 Bxf4 23. Nxf4 Rad8 24. g3 Qg4 25. Kh2 Bd5 26. Rc3 g5 27. hxg6
fxg6 28. f3 Qg5 29. Re3 Bf7 30. Rfe1 Rxe3 31. Rxe3 Qf6 32. Ne2 g5 33. Qc3 Bd5
34. Qd3 Rf8 35. Kg1 Bxf3 36. Rxf3 Qxf3 37. Qxf3 Rxf3 38. Kg2 Rd3 39. Kf2 Rd2
0-1

[Event "XXIX CAMPEONATO DE EUSKADI DE VETERANOS"]
[Site "Zarauz"]
[Date "2019.06.22"]
[Round "2.7"]
[White "Arocena Uria, Jaime"]
[Black "Zubia Aramburu, Mikel"]
[Result "1-0"]
[WhiteElo "1787"]
[BlackElo "1668"]
[PlyCount "58"]
[EventDate "2019.06.22"]

1. e4 c6 2. d4 d5 3. Nc3 dxe4 4. Nxe4 Nf6 5. Bd3 Qxd4 6. Nf3 Qd8 7. Nxf6+ exf6
8. O-O Be7 9. Re1 O-O 10. Qe2 Bb4 11. c3 Bd6 12. Nd4 Nd7 13. Nf5 Ne5 14. Bc2
Bxf5 15. Bxf5 Qc7 16. f4 Ng6 17. g3 Ne7 18. Bc2 Nd5 19. Qd3 g6 20. f5 g5 21. a3
Rad8 22. Qf3 Rfe8 23. Bd2 Qb6+ 24. Kh1 Qxb2 25. Qd3 Rxe1+ 26. Rxe1 Be5 27. c4
Rd6 28. Bc1 Qc3 29. Qxc3 Nxc3 1-0

[Event "XXIX CAMPEONATO DE EUSKADI DE VETERANOS"]
[Site "Zarauz"]
[Date "2019.06.22"]
[Round "2.8"]
[White "Veiga Ramil, Jesus Angel"]
[Black "Goti Cordon, Luis Pedro"]
[Result "1-0"]
[WhiteElo "1726"]
[BlackElo "1243"]
[PlyCount "75"]
[EventDate "2019.06.22"]

1. d4 b6 2. c4 Bb7 3. Nc3 e6 4. e4 Bb4 5. Bd3 Bxc3+ 6. bxc3 f5 7. d5 fxe4 8.
Bxe4 Nf6 9. Bg5 O-O 10. Qd3 Qe8 11. Bxf6 Rxf6 12. Bxh7+ Kh8 13. Be4 d6 14. Ne2
exd5 15. cxd5 Nd7 16. Qd4 Ne5 17. O-O Ba6 18. Rfe1 Qh5 19. Ng3 Qf7 20. f3 Rf4
21. Rac1 Bd3 22. Re3 Bxe4 23. Rxe4 Rxf3 24. Rxe5 dxe5 25. Qh4+ Kg8 26. gxf3
Qxf3 27. Qe4 Qf6 28. Rf1 Qd6 29. Qf3 Qc5+ 30. Kg2 Rd8 31. Qf7+ Kh8 32. Qh5+ Kg8
33. Qxe5 Qa3 34. Qe6+ Kh8 35. Rf4 Qxa2+ 36. Kh3 g5 37. Qh6+ Kg8 38. Qxg5+ 1-0

[Event "XXIX CAMPEONATO DE EUSKADI DE VETERANOS"]
[Site "Zarauz"]
[Date "2019.06.22"]
[Round "2.9"]
[White "Lazkano Gaite, Tomas"]
[Black "Otano Villanueva, Joseba"]
[Result "0-1"]
[WhiteElo "1685"]
[BlackElo "1709"]
[PlyCount "85"]
[EventDate "2019.06.22"]

1. d4 Nf6 2. Nf3 g6 3. c4 Bg7 4. Nc3 O-O 5. e4 d6 6. Be2 c6 7. a4 Na6 8. O-O
Nc7 9. b4 c5 10. bxc5 dxc5 11. e5 cxd4 12. Nxd4 Nd7 13. f4 Nc5 14. Be3 N7e6 15.
Nd5 f6 16. exf6 exf6 17. f5 Nxd4 18. Bxd4 Ne4 19. fxg6 hxg6 20. Qd3 f5 21. Rad1
Be6 22. Bxg7 Kxg7 23. Qd4+ Kg8 24. Qe5 Bxd5 25. Rxd5 Qe8 26. Qb2 b6 27. c5 Nxc5
28. Bc4 Qe3+ 29. Kh1 Kh7 30. Re5 Qg5 31. Qe2 Ne4 32. Rd1 Rad8 33. Bd5 Qf6 34.
Re6 Qxe6 35. Qc4 Nf2+ 36. Kg1 Qe3 37. Qh4+ Kg7 38. Qxf2 Qxf2+ 39. Kxf2 Rf6 40.
Bf3 Rxd1 41. Bxd1 Rc6 42. h3 Rc4 43. Ke2 0-1

[Event "XXIX CAMPEONATO DE EUSKADI DE VETERANOS"]
[Site "Zarauz"]
[Date "2019.06.22"]
[Round "3.1"]
[White "Fernandez Hernandez, Gerardo"]
[Black "Lakunza Oyarbide, Juan Carlos"]
[Result "0-1"]
[WhiteElo "2151"]
[BlackElo "2052"]
[PlyCount "82"]
[EventDate "2019.06.22"]

1. e4 e5 2. Bc4 Nf6 3. d3 Nc6 4. Nc3 Bc5 5. f4 d6 6. Nf3 Bg4 7. Na4 exf4 8.
Nxc5 dxc5 9. Bxf4 O-O 10. h3 Bxf3 11. Qxf3 Nd4 12. Qf2 b5 13. Bb3 a5 14. O-O a4
15. c3 axb3 16. cxd4 Rxa2 17. d5 c4 18. Qd4 Re8 19. Bg5 Qd6 20. Bxf6 gxf6 21.
Rad1 Qe5 22. dxc4 bxc4 23. Rf2 Qxd4 24. Rxd4 c3 25. bxc3 b2 26. Rb4 Rxe4 27.
Rfxb2 Rxb2 28. Rxb2 Rc4 29. Rb8+ Kg7 30. Rc8 Rc5 31. c4 Rxc4 32. d6 Rd4 33.
dxc7 Rc4 34. Kf2 f5 35. Ke3 Kf6 36. Kd3 Rc1 37. Kd4 Rc2 38. Kd5 Ke7 39. Ke5
Rc5+ 40. Kf4 h6 41. Kg3 Rc4 0-1

[Event "XXIX CAMPEONATO DE EUSKADI DE VETERANOS"]
[Site "Zarauz"]
[Date "2019.06.22"]
[Round "3.2"]
[White "Cemborain Oricain, Alfonso"]
[Black "Albaina Alvarez, Alvaro"]
[Result "0-1"]
[WhiteElo "1891"]
[BlackElo "2061"]
[PlyCount "73"]
[EventDate "2019.06.22"]

1. e4 c5 2. Nf3 e6 3. d3 d5 4. Nbd2 Nf6 5. g3 Nc6 6. Bg2 Be7 7. O-O O-O 8. e5
Nd7 9. Re1 Qc7 10. Qe2 b5 11. Nf1 Bb7 12. h4 Nd4 13. Nxd4 cxd4 14. Bf4 Rac8 15.
Rac1 Qa5 16. a3 Rc7 17. Nd2 Rfc8 18. Nf3 Qa4 19. b3 Qxa3 20. Nxd4 Qb2 21. c3
Qxe2 22. Nxe2 Nc5 23. Red1 Nxb3 24. Rb1 Nc5 25. c4 dxc4 26. Bxb7 Rxb7 27. dxc4
b4 28. Nd4 Ne4 29. Rdc1 Rd7 30. Nb5 Bc5 31. Nd6 Bxf2+ 32. Kg2 Nxd6 33. exd6 Bc5
34. Ra1 f6 35. Ra5 e5 36. Bd2 Rxd6 37. Rxc5 0-1

[Event "XXIX CAMPEONATO DE EUSKADI DE VETERANOS"]
[Site "Zarauz"]
[Date "2019.06.22"]
[Round "3.3"]
[White "Ruiz Escobar, Rafael"]
[Black "Saenz Martinez, Juan Jose"]
[Result "1-0"]
[WhiteElo "1939"]
[BlackElo "2201"]
[PlyCount "71"]
[EventDate "2019.06.22"]

1. d4 Nf6 2. c4 e5 3. dxe5 Ng4 4. Nf3 Nc6 5. Nc3 Bb4 6. Bg5 f6 7. exf6 Bxc3+ 8.
bxc3 Nxf6 9. e3 O-O 10. Bd3 d6 11. Qc2 h6 12. Bh4 Bg4 13. Nd4 Ne5 14. Be4 c6
15. h3 Bd7 16. O-O Nxc4 17. Bd3 Ne5 18. Be2 d5 19. f4 Nf7 20. Bf3 Qe7 21. Rfe1
Nd6 22. c4 Nxc4 23. e4 Qf7 24. e5 Nh5 25. f5 Be8 26. e6 Qc7 27. e7 Rf6 28. Bxh5
Bxh5 29. Bxf6 gxf6 30. Qf2 Bf7 31. Qh4 c5 32. Ne6 Bxe6 33. Rxe6 Re8 34. Qxf6
Qg3 35. Qxh6 Ne5 36. Rxe5 1-0

[Event "XXIX CAMPEONATO DE EUSKADI DE VETERANOS"]
[Site "Zarauz"]
[Date "2019.06.22"]
[Round "3.4"]
[White "Gonzalez Izaguirre, Salustiano"]
[Black "Besga Lopez, Jose Angel"]
[Result "0-1"]
[WhiteElo "1739"]
[BlackElo "2029"]
[PlyCount "112"]
[EventDate "2019.06.22"]

1. d4 f5 2. c4 Nf6 3. Nc3 e6 4. Nf3 Bb4 5. Qc2 O-O 6. g3 b6 7. Bg2 Bb7 8. O-O
Bxc3 9. Qxc3 Ne4 10. Qc2 Nc6 11. Bd2 a5 12. a3 Qf6 13. e3 Nxd2 14. Qxd2 Rad8
15. Rfd1 Ne7 16. b4 axb4 17. axb4 d6 18. Ra7 Rb8 19. c5 bxc5 20. bxc5 Nc8 21.
Ra5 Be4 22. Rc1 Ne7 23. cxd6 cxd6 24. Ra7 Rfc8 25. Rac7 Rxc7 26. Rxc7 Nd5 27.
Rc1 Qd8 28. Ne1 Bxg2 29. Kxg2 Qb6 30. Qc2 Qb2 31. Qxb2 Rxb2 32. Rc2 Rb1 33. Nf3
h6 34. Nd2 Ra1 35. Rc6 Nxe3+ 36. fxe3 Ra2 37. Rxd6 Rxd2+ 38. Kf3 Kf7 39. h4 g5
40. hxg5 hxg5 41. g4 Rd3 42. Ke2 Ra3 43. gxf5 exf5 44. Rb6 Ra2+ 45. Kf3 g4+ 46.
Kf4 Rf2+ 47. Kg5 g3 48. Rb1 Ke6 49. Rg1 Rf3 50. Kh4 Rxe3 51. Rxg3 Re4+ 52. Kh3
Rxd4 53. Kg2 Rd2+ 54. Kg1 Ke5 55. Ra3 Rb2 56. Ra4 Kf6 0-1

[Event "XXIX CAMPEONATO DE EUSKADI DE VETERANOS"]
[Site "Zarauz"]
[Date "2019.06.22"]
[Round "3.5"]
[White "Ladron De Guevara Galar, Fco J"]
[Black "Arocena Uria, Jaime"]
[Result "1-0"]
[WhiteElo "2029"]
[BlackElo "1787"]
[PlyCount "71"]
[EventDate "2019.06.22"]

1. d4 Nf6 2. c4 e6 3. Nc3 Bb4 4. e3 b6 5. Bd3 Bb7 6. Nf3 O-O 7. O-O Bxc3 8.
bxc3 Ne4 9. Ne1 f5 10. f3 Nf6 11. Nc2 d5 12. Qe2 Ba6 13. Nb4 Bxc4 14. Bxc4 dxc4
15. Qxc4 Qd7 16. Ba3 Re8 17. Nd3 Nc6 18. Nf4 g5 19. Nh3 h6 20. Nf2 Qd5 21. Qd3
Na5 22. e4 Qc4 23. Qc2 Nc6 24. Qd2 Rad8 25. h4 f4 26. hxg5 hxg5 27. Nh3 Qb5 28.
Rfb1 Qa5 29. Bc1 Ne7 30. Qd3 Nh7 31. Rb5 Qa4 32. Nxg5 c5 33. Nxh7 Kxh7 34. Bxf4
Ng6 35. Bg5 Ne5 36. Qe2 1-0

[Event "XXIX CAMPEONATO DE EUSKADI DE VETERANOS"]
[Site "Zarauz"]
[Date "2019.06.22"]
[Round "3.6"]
[White "Otano Villanueva, Joseba"]
[Black "Vinal Gutierrez, Pedro"]
[Result "0-1"]
[WhiteElo "1709"]
[BlackElo "2026"]
[PlyCount "70"]
[EventDate "2019.06.22"]

1. d4 d5 2. g3 Bf5 3. Bg2 c6 4. Nf3 e6 5. O-O h6 6. b3 Nf6 7. c4 a5 8. Ba3 Bb4
9. Bxb4 axb4 10. Ne5 Nbd7 11. Nd3 Qb6 12. Nb2 Bxb1 13. c5 Qb5 14. Qxb1 Qxe2 15.
Re1 Qa6 16. Bf1 Qa5 17. Bd3 O-O 18. Nd1 b6 19. cxb6 Qxb6 20. Qb2 c5 21. dxc5
Nxc5 22. Bf1 Nce4 23. Ne3 Rfc8 24. Rac1 Nc3 25. Ra1 Nfe4 26. Kg2 Ra3 27. f3 Nd6
28. Nc2 Ra7 29. Re3 d4 30. Rd3 e5 31. a3 bxa3 32. Rxa3 Nd5 33. Rxa7 Qxa7 34. f4
Nf5 35. fxe5 Rxc2+ 0-1

[Event "XXIX CAMPEONATO DE EUSKADI DE VETERANOS"]
[Site "Zarauz"]
[Date "2019.06.22"]
[Round "3.7"]
[White "Martin Molinero, Martin"]
[Black "Veiga Ramil, Jesus Angel"]
[Result "1/2-1/2"]
[WhiteElo "1987"]
[BlackElo "1726"]
[PlyCount "22"]
[EventDate "2019.06.22"]

1. Nf3 Nf6 2. d4 e6 3. c4 b6 4. Nc3 Bb7 5. Bg5 d5 6. e3 Be7 7. Be2 O-O 8. O-O
Nbd7 9. h3 h6 10. Bh4 dxc4 11. Bxc4 Nd5 1/2-1/2

[Event "XXIX CAMPEONATO DE EUSKADI DE VETERANOS"]
[Site "Zarauz"]
[Date "2019.06.22"]
[Round "3.8"]
[White "Zubia Aramburu, Mikel"]
[Black "Llorente Munoz, Carlos"]
[Result "1-0"]
[WhiteElo "1668"]
[BlackElo "1454"]
[PlyCount "32"]
[EventDate "2019.06.22"]

1. c4 Nf6 2. Nc3 e6 3. g3 Be7 4. Bg2 c6 5. Nf3 O-O 6. d4 d5 7. cxd5 exd5 8. Bf4
h6 9. O-O Bf5 10. Rc1 Nbd7 11. Nh4 Bh7 12. Bd2 Ne4 13. Nf3 f5 14. Qb3 Nb6 15.
Nxe4 fxe4 16. Ne5 Qd6 1-0

[Event "XXIX CAMPEONATO DE EUSKADI DE VETERANOS"]
[Site "Zarauz"]
[Date "2019.06.22"]
[Round "3.9"]
[White "Goti Cordon, Luis Pedro"]
[Black "Lazkano Gaite, Tomas"]
[Result "0-1"]
[WhiteElo "1243"]
[BlackElo "1685"]
[PlyCount "76"]
[EventDate "2019.06.22"]

1. c4 Nf6 2. d3 c5 3. e4 e6 4. g3 d5 5. e5 Nfd7 6. d4 dxc4 7. Bxc4 a6 8. Nf3 b5
9. Bf1 Bb7 10. Bg2 Be7 11. O-O Nb6 12. dxc5 Qxd1 13. Rxd1 Bxc5 14. Nc3 N8d7 15.
a3 b4 16. Ne2 O-O 17. Bf4 Rfd8 18. axb4 Bxb4 19. Rd3 Nf8 20. Rad1 Rxd3 21. Rxd3
a5 22. Be3 Ba6 23. Bxb6 Bxd3 24. Nf4 Be4 25. Ne2 Rc8 26. Be3 Rc2 27. Nfd4 Rxb2
28. Bxe4 a4 29. Bc1 Ra2 30. Kf1 Bd2 31. Bxd2 Rxd2 32. Ke1 Rb2 33. Kd1 a3 34.
Kc1 Nd7 35. f4 Nc5 36. Bc2 Rb4 37. Bb1 Na4 38. Nc6 Rc4+ 0-1

[Event "XXIX CAMPEONATO DE EUSKADI DE VETERANOS"]
[Site "Zarauz"]
[Date "2019.06.22"]
[Round "4.1"]
[White "Lakunza Oyarbide, Juan Carlos"]
[Black "Albaina Alvarez, Alvaro"]
[Result "1-0"]
[WhiteElo "2052"]
[BlackElo "2061"]
[PlyCount "64"]
[EventDate "2019.06.22"]

1. d4 Nf6 2. c4 e6 3. Nf3 d5 4. g3 dxc4 5. Qa4+ Nbd7 6. Qxc4 c5 7. Bg2 Nb6 8.
Qc2 cxd4 9. O-O d3 10. exd3 Bd6 11. a4 O-O 12. Na3 Bd7 13. a5 Nbd5 14. Nc4 Rc8
15. Qb3 Bc6 16. Nd4 Bc5 17. Nxc6 bxc6 18. Rd1 Bd4 19. Bf3 Nd7 20. Qc2 Qf6 21.
Kg2 Rb8 22. Rb1 Rb5 23. Rf1 Rfb8 24. Be3 Nc5 25. Bxd4 Qxd4 26. Rbd1 Nb3 27. Kg1
Qf6 28. Bg2 Nd4 29. Qd2 Rb3 30. Kh1 R8b5 31. Na3 Rxb2 32. Qc1 R5b3 1-0